000 02055nam a2200421 a 4500
001 ebr10715014
003 CaPaEBR
006 m o u
007 cr cn|||||||||
008 110202s2010 enka sb 001 0deng d
010 _z 2011535572
020 _z9781906924300 (pbk.)
020 _z1906924309
020 _z9781906924317 (hardback)
020 _z9781906924324 (e-book)
040 _aCaPaEBR
_cCaPaEBR
035 _a(OCoLC)847609650
050 1 4 _aPR5438
_b.M78 2010eb
082 0 4 _a822.709
_222
100 1 _aMulhallen, Jacqueline.
245 1 4 _aThe theatre of Shelley
_h[electronic resource] /
_cJacqueline Mulhallen.
260 _aCambridge [England] :
_bOpen Book Publishers,
_c2010.
300 _axvi, 289 p. :
_bill.
500 _aBased on the author's thesis (Ph.D., Anglia Ruskin University).
500 _a"This is the first full-length study of Shelley's plays in performance. It offers a rich, meticulously researched history of Shelley's role as a playwright and dramatist and a reassessment of his "closet dramas" as performable pieces of theatre"-Publisher's website.
504 _aIncludes bibliographical references (p. [259]-274) and index.
533 _aElectronic reproduction.
_bPalo Alto, Calif. :
_cebrary,
_d2013.
_nAvailable via World Wide Web.
_nAccess may be limited to ebrary affiliated libraries.
600 1 0 _aShelley, Percy Bysshe,
_d1792-1822
_xDramatic works
_xCriticism and interpretation.
600 1 0 _aShelley, Percy Bysshe,
_d1792-1822.
_tCenci.
600 1 0 _aShelley, Percy Bysshe,
_d1792-1822.
_tCharles the First.
600 1 0 _aShelley, Percy Bysshe,
_d1792-1822.
_tPrometheus unbound.
600 1 0 _aShelley, Percy Bysshe,
_d1792-1822.
_tHellas.
600 1 0 _aShelley, Percy Bysshe,
_d1792-1822.
_tSwellfoot the Tyrant.
650 0 _aEnglish drama
_y19th century
_xHistory and criticism.
655 7 _aElectronic books.
_2local
710 2 _aebrary, Inc.
856 4 0 _uhttp://site.ebrary.com/lib/rucke/Doc?id=10715014
_zAn electronic book accessible through the World Wide Web; click to view
999 _c1122
_d1122